00470nam a2200169 a 450000100060000000300090000600800410001502000150005604000280007108200150009910000190011424500660013326000280019930000110022765000320023865000300027019462CO-ViMGA141112s2004 ck r 000 u spa d a9681831934 aCO-ViMGAbspacCO-ViMGA04a658.4 A2461 aAckoff, Russel10aCápsulas de Ackoff : bAdministración en pequeñas dosis aMexico : bLimusa; 2002 a203 p.14aAMINISTRACIÓN DE EMPRESAS14aPLANIFICACION EMPRESARIAL